[Event "23rd EUR-ch"]
[Site "Vrnjacka Banja SRB"]
[Date "2023.03.12"]
[Round "10.56"]
[White "Erdogmus, Yagiz Kaan"]
[Black "Muradli, Mahammad"]
[Result "0-1"]
[WhiteElo "2445"]
[BlackElo "2539"]
[EventDate "2023.03.03"]
[PlyCount "80"]

1.d4 Nf6 2.c4 g6 3.Nc3 Bg7 4.e4 d6 5.Be2 O-O 6.Be3 e5 7.d5 Na6 8.g4 Nc5 9.
f3 h5 10.g5 Nh7 11.h4 f6 12.Qd2 fxg5 13.hxg5 a5 14.O-O-O Rf7 15.Bf1 Bf8 
16.Bh3 Be7 17.Bxc8 Rxc8 18.f4 exf4 19.Bxc5 dxc5 20.Nf3 Nxg5 21.Qg2 Rg7 22.
e5 Nxf3 23.Qxf3 Qf8 24.Qh3 Re8 25.Kb1 h4 26.Ne4 g5 27.Qg4 Qf7 28.Ka1 Rf8 
29.d6 cxd6 30.exd6 Bd8 31.Rd5 f3 32.Nxc5 f2 33.Rf1 Qf3 34.Qe6+ Kh7 35.a3 
Rf6 36.Qe8 h3 37.Ne4 Rf8 38.d7 h2 39.Nxf2 Re7 40.Rd3 Qxd3 0-1

[Event "23rd EUR-ch"]
[Site "Vrnjacka Banja SRB"]
[Date "2023.03.12"]
[Round "10.57"]
[White "Wadsworth, Matthew"]
[Black "Stocek, Jiri"]
[Result "0-1"]
[WhiteElo "2439"]
[BlackElo "2534"]
[EventDate "2023.03.03"]
[PlyCount "86"]

1.d4 Nf6 2.c4 e6 3.Nf3 b6 4.g3 Ba6 5.b3 b5 6.cxb5 Bxb5 7.Bg2 d5 8.O-O Nbd7
9.Nc3 Ba6 10.a3 c5 11.b4 cxd4 12.Nxd4 Rc8 13.Bb2 Nb6 14.Re1 e5 15.Nf3 Bd6 
16.e4 d4 17.Nxd4 exd4 18.e5 dxc3 19.exf6+ Kf8 20.fxg7+ Kxg7 21.Qg4+ Kf8 
22.Bxc3 Rg8 23.Qf3 Rg6 24.Rad1 Bb5 25.Ba1 Ba4 26.Rd4 Qg5 27.h4 Qh6 28.Bh3 
Rc1 29.Bc3 Rxe1+ 30.Bxe1 Qc1 31.Qe2 Bb5 32.Qe4 Bc6 33.Qe2 Bb5 34.Qe4 Bc6 
35.Qe2 Qxa3 36.h5 Rf6 37.b5 Bf3 38.Qd2 Bb7 39.Bg4 h6 40.Qd1 Be7 41.Bd2 Qb2
42.Be3 Qxb5 43.Kh2 Nd5 0-1

[Event "23rd EUR-ch"]
[Site "Vrnjacka Banja SRB"]
[Date "2023.03.12"]
[Round "10.58"]
[White "Fromm, Marius"]
[Black "Petkov, Momchil"]
[Result "1-0"]
[WhiteElo "2428"]
[BlackElo "2526"]
[EventDate "2023.03.03"]
[PlyCount "157"]

1.e4 c5 2.Nf3 Nc6 3.Bb5 e6 4.O-O Nge7 5.Re1 a6 6.Bf1 d5 7.exd5 Nxd5 8.d4 
Nf6 9.Be3 Be7 10.c4 O-O 11.Nc3 cxd4 12.Nxd4 Ne5 13.h3 Bd7 14.Qb3 Qc7 15.
Rad1 Rac8 16.Bf4 Bd6 17.c5 Nf3+ 18.Nxf3 Bxf4 19.g3 Bc6 20.Bg2 Bh6 21.Ne5 
Bxg2 22.Kxg2 g6 23.Na4 Bg7 24.Qb6 Nd5 25.Qxc7 Rxc7 26.a3 Rd8 27.Kf3 a5 28.
Rd3 Bf8 29.Rb3 f6 30.Nc4 Ne7 31.Nxa5 Ra8 32.Rb5 Nf5 33.Rd1 e5 34.Nb6 Ra6 
35.Nb3 Nd4+ 36.Nxd4 exd4 37.Rc1 d3 38.Nd5 d2 39.Rd1 Rxc5 40.Rxc5 Bxc5 41.
Rxd2 f5 42.Rd3 Ra4 43.b4 Bf8 44.Nc7 Bh6 45.Nb5 b6 46.Rd6 Bc1 47.Rxb6 Kf7 
48.Rb7+ Kf6 49.Rxh7 Bxa3 50.Nxa3 Rxa3+ 51.Kg2 Rb3 52.Rb7 f4 53.Rb6+ Kf5 
54.Rb5+ Kf6 55.gxf4 Ke6 56.f3 Kf6 57.Kg3 Rb1 58.f5 g5 59.f4 Rb3+ 60.Kg4 
gxf4 61.Kxf4 Rxh3 62.Rb6+ Ke7 63.Ke5 Re3+ 64.Kd5 Rd3+ 65.Kc5 Rc3+ 66.Kb5 
Kd7 67.Rb7+ Kd6 68.f6 Rf3 69.Rf7 Rf4 70.Ka5 Ke6 71.Rf8 Kd6 72.b5 Kc7 73.
Rf7+ Kd8 74.b6 Kc8 75.Rc7+ Kb8 76.f7 Rf1 77.Re7 Ra1+ 78.Kb5 Rf1 79.Kc6 1-0

[Event "23rd EUR-ch"]
[Site "Vrnjacka Banja SRB"]
[Date "2023.03.12"]
[Round "10.59"]
[White "Kulaots, Kaido"]
[Black "Ohanian, Emin"]
[Result "1/2-1/2"]
[WhiteElo "2525"]
[BlackElo "2405"]
[EventDate "2023.03.03"]
[PlyCount "134"]

1.e4 e5 2.Nf3 Nc6 3.Bb5 a6 4.Ba4 Nf6 5.Nc3 Bc5 6.d3 d6 7.Bxc6+ bxc6 8.O-O 
O-O 9.h3 h6 10.Ne2 Bb6 11.Ng3 Nh7 12.c3 Ng5 13.Nxg5 hxg5 14.d4 Qf6 15.Be3 
Qg6 16.Qd2 g4 17.h4 Re8 18.h5 Qh7 19.Qd1 exd4 20.cxd4 Rxe4 21.Nxe4 Qxe4 
22.Qd2 Qd5 23.h6 gxh6 24.f3 g3 25.Qe1 Bxd4 26.Qxg3+ Kh7 27.Qf2 Bxe3 28.
Qxe3 Be6 29.Kf2 Qg5 30.Rh1 Qxe3+ 31.Kxe3 c5 32.Rh4 c4 33.Kd2 Rb8 34.Kc2 d5
35.Rah1 Bf5+ 36.Kc3 Rb6 37.Rh5 Rf6 38.Kd4 Be6 39.R5h4 Kg7 40.R1h2 Rg6 41.
Kc5 Bc8 42.Kxd5 Rb6 43.Kxc4 Rxb2 44.a4 Rb6 45.a5 Rd6 46.Kc5 Bd7 47.Rc4 Bb5
48.Rg4+ Kf8 49.Rd4 Re6 50.Rdh4 Re3 51.Rxh6 Ra3 52.Rh8+ Ke7 53.R2h4 Rxa5 
54.Re4+ Kf6 55.Rf4+ Kg7 56.Rhh4 Bd7+ 57.Kc4 Be6+ 58.Kb4 Rg5 59.g4 a5+ 60.
Ka4 Bd7+ 61.Ka3 Rd5 62.Rh2 Rd3+ 63.Kb2 a4 64.Kc2 Re3 65.Rh7+ Kxh7 66.Rxf7+
Kg6 67.Rxd7 Rxf3 1/2-1/2

[Event "23rd EUR-ch"]
[Site "Vrnjacka Banja SRB"]
[Date "2023.03.12"]
[Round "10.60"]
[White "Alsina Leal, Daniel"]
[Black "Zajic, Milan"]
[Result "1/2-1/2"]
[WhiteElo "2522"]
[BlackElo "2387"]
[EventDate "2023.03.03"]
[PlyCount "129"]

1.e4 e5 2.Nf3 Nc6 3.d4 exd4 4.Nxd4 Bc5 5.Nb3 Bb6 6.Nc3 Qf6 7.Qe2 Nge7 8.h4
d6 9.Bg5 Qe6 10.O-O-O f6 11.Be3 Bd7 12.h5 O-O-O 13.g3 Qf7 14.Bxb6 axb6 15.
f4 f5 16.Qf3 Rhe8 17.Bg2 Kb8 18.Rhe1 Bc8 19.Bh1 g6 20.hxg6 hxg6 21.Bg2 Qg7
22.Qe3 g5 23.Qf2 gxf4 24.gxf4 Rf8 25.Rg1 fxe4 26.Bxe4 Qf7 27.Rgf1 Be6 28.
Kb1 Nb4 29.Nc1 d5 30.a3 Nbc6 31.Bh1 Bh3 32.Bg2 Bxg2 33.Qxg2 d4 34.Ne4 Nd5 
35.Ng5 Qf5 36.Nd3 Ne3 37.Qd2 Rde8 38.Rfe1 Nxd1 39.Rxd1 Re3 40.Qh2 Rfe8 41.
Qh6 b5 42.Qg7 R3e7 43.Qh6 Nd8 44.Nf3 Ne6 45.Qh2 Rf8 46.Re1 Qd5 47.Nd2 Ref7
48.Re5 Qd7 49.Qh3 Nc5 50.Qxd7 Nxd7 51.Rxb5 Rf5 52.Rb4 c5 53.Rb5 Kc7 54.Nc4
b6 55.a4 Rxf4 56.Nxf4 Rxf4 57.Rb3 Rf1+ 58.Ka2 Rc1 59.Na3 Ne5 60.Rh3 Nc6 
61.Rh7+ Kb8 62.Rh8+ Kb7 63.Rh7+ Kb8 64.Rh8+ Kb7 65.Rh7+ 1/2-1/2

[Event "23rd EUR-ch"]
[Site "Vrnjacka Banja SRB"]
[Date "2023.03.12"]
[Round "10.61"]
[White "Baum, Jonasz"]
[Black "Horvath, Dominik"]
[Result "0-1"]
[WhiteElo "2426"]
[BlackElo "2521"]
[EventDate "2023.03.03"]
[PlyCount "82"]

1.e4 c6 2.d4 d5 3.e5 Bf5 4.h4 h6 5.Bd3 Bxd3 6.Qxd3 e6 7.c3 c5 8.Nf3 Nc6 9.
O-O Nge7 10.h5 Nf5 11.Bf4 Be7 12.dxc5 Bxc5 13.Nbd2 Bb6 14.Rad1 Qe7 15.a4 
g5 16.hxg6 Rg8 17.b4 a6 18.b5 axb5 19.Qxb5 Bd8 20.c4 Ra5 21.Qb1 Rxg6 22.
cxd5 Rxd5 23.Ne4 Ncd4 24.Nxd4 Nxd4 25.Nf6+ Rxf6 26.Rxd4 Rxd4 27.exf6 Qd7 
28.Qh7 Bxf6 29.Qg8+ Ke7 30.Bxh6 Qd8 31.Qg3 Rxa4 32.Rb1 b5 33.Qb3 Rh4 34.
Be3 Rh5 35.Rd1 Qa5 36.Qc2 Kf8 37.g4 Rh4 38.Qc5+ Kg7 39.g5 Bb2 40.Rb1 Qa8 
41.Rxb2 Qh1# 0-1

[Event "23rd EUR-ch"]
[Site "Vrnjacka Banja SRB"]
[Date "2023.03.12"]
[Round "10.62"]
[White "Levin, Guy"]
[Black "Rasulov, Vugar"]
[Result "1-0"]
[WhiteElo "2419"]
[BlackElo "2516"]
[EventDate "2023.03.03"]
[PlyCount "115"]

1.Nf3 Nf6 2.g3 g6 3.Bg2 Bg7 4.O-O O-O 5.d4 d6 6.a4 Na6 7.Re1 c5 8.Nc3 cxd4
9.Nxd4 Nc5 10.a5 a6 11.Ra3 Rb8 12.b4 Ncd7 13.Na4 e5 14.Nb3 Qe7 15.c4 Rd8 
16.Bd2 h5 17.Bg5 Nf8 18.Nb6 Be6 19.Nd2 N8h7 20.Bxf6 Nxf6 21.Ne4 Nxe4 22.
Bxe4 d5 23.cxd5 Qxb4 24.Ra4 Qe7 25.dxe6 Rxd1 26.exf7+ Kxf7 27.Rxd1 Rd8 28.
Bd5+ Kf8 29.Rc1 Bh6 30.e3 Kg7 31.Rc3 Rf8 32.Rac4 Qf6 33.f3 Qd6 34.Rc7+ Kh8
35.Kg2 e4 36.f4 Rf5 37.Rxb7 Bf8 38.Rc8 Qb4 39.Nc4 Qe1 40.Ne5 Qe2+ 41.Kg1 
Qe1+ 42.Kg2 Qe2+ 43.Kh3 Qf1+ 44.Kh4 g5+ 45.fxg5 Rxe5 46.Rf7 Qxf7 47.Bxf7 
Kg7 48.Bc4 Be7 49.Rg8+ Kh7 50.Kxh5 Rc5 51.Bf7 Rxa5 52.h4 Bd6 53.Kg4 Ra3 
54.Rd8 Be5 55.Kf5 Bxg3 56.g6+ Kh6 57.Rh8+ Kg7 58.Rh7+ 1-0

[Event "23rd EUR-ch"]
[Site "Vrnjacka Banja SRB"]
[Date "2023.03.12"]
[Round "10.63"]
[White "Kilic, Eray"]
[Black "Djukic, Nikola"]
[Result "0-1"]
[WhiteElo "2415"]
[BlackElo "2514"]
[EventDate "2023.03.03"]
[PlyCount "72"]

1.e4 c5 2.Nf3 d6 3.d4 cxd4 4.Nxd4 Nf6 5.Nc3 g6 6.Be3 Bg7 7.f3 O-O 8.Bc4 
Nc6 9.Qd2 Nxd4 10.Bxd4 Be6 11.Bb3 Qa5 12.O-O-O b5 13.Kb1 b4 14.Bxf6 Bxf6 
15.Nd5 Bxd5 16.Qxd5 Qc7 17.h4 a5 18.Ba4 Rfd8 19.f4 e6 20.Qd3 Qc5 21.g4 h5 
22.g5 Bg7 23.Rhf1 Kh7 24.f5 Qe5 25.Qb3 Qxe4 26.Rde1 Qxh4 27.fxe6 fxe6 28.
Rxe6 Rf8 29.Rfe1 Rf5 30.a3 bxa3 31.Be8 Rxg5 32.Re7 Ra7 33.R7e4 Qf2 34.Qxa3
Rb7 35.Re7 Rxe7 36.Rxe7 Rg1+ 0-1

[Event "23rd EUR-ch"]
[Site "Vrnjacka Banja SRB"]
[Date "2023.03.12"]
[Round "10.64"]
[White "Gaehwiler, Gabriel"]
[Black "Brunello, Sabino"]
[Result "1/2-1/2"]
[WhiteElo "2413"]
[BlackElo "2512"]
[EventDate "2023.03.03"]
[PlyCount "28"]

1.d4 d5 2.c4 e6 3.Nf3 Nf6 4.g3 dxc4 5.Bg2 Nbd7 6.O-O Rb8 7.a4 a6 8.a5 Bd6 
9.Nbd2 b5 10.axb6 Nxb6 11.Qc2 O-O 12.Ne5 Bxe5 13.dxe5 Nfd7 14.Nxc4 Nxc4 
1/2-1/2

[Event "23rd EUR-ch"]
[Site "Vrnjacka Banja SRB"]
[Date "2023.03.12"]
[Round "10.65"]
[White "Draskovic, Luka"]
[Black "Injac, Teodora"]
[Result "1-0"]
[WhiteElo "2510"]
[BlackElo "2383"]
[EventDate "2023.03.03"]
[PlyCount "61"]

1.Nf3 d5 2.g3 g6 3.Bg2 Bg7 4.O-O e5 5.d3 Ne7 6.e4 O-O 7.b4 dxe4 8.dxe4 Be6
9.Qe2 Nc8 10.Be3 Nd6 11.Nbd2 h6 12.Rfd1 Qe7 13.c4 a6 14.a4 Nc6 15.c5 Nc8 
16.Rab1 f5 17.exf5 gxf5 18.b5 axb5 19.axb5 Na5 20.Ra1 Ra7 21.b6 cxb6 22.
cxb6 Ra6 23.Rdc1 e4 24.Nd4 Nxb6 25.Qb5 Bd7 26.Qc5 Qxc5 27.Rxc5 Rfa8 28.Bf1
Nb3 29.Rxa6 bxa6 30.N2xb3 Rc8 31.Rxc8+ 1-0

[Event "23rd EUR-ch"]
[Site "Vrnjacka Banja SRB"]
[Date "2023.03.12"]
[Round "10.66"]
[White "Vetokhin, Savva"]
[Black "Beerdsen, Thomas"]
[Result "1/2-1/2"]
[WhiteElo "2388"]
[BlackElo "2510"]
[EventDate "2023.03.03"]
[PlyCount "73"]

1.d4 Nf6 2.c4 e6 3.Nc3 Bb4 4.e3 O-O 5.Bd3 d5 6.Nf3 Nc6 7.O-O h6 8.Qc2 Bd6 
9.a3 dxc4 10.Bxc4 e5 11.d5 Ne7 12.e4 Bg4 13.Be2 c6 14.dxc6 Nxc6 15.Rd1 Qe7
16.Be3 Rac8 17.h3 Bxf3 18.Bxf3 Nd4 19.Qd3 Bc5 20.Ne2 Nxf3+ 21.gxf3 Nh7 22.
Ng3 g6 23.Bxc5 Rxc5 24.Qd6 Qxd6 25.Rxd6 Ng5 26.Kg2 Rc2 27.Nf1 Rxb2 28.Ne3 
Rc8 29.Ng4 Rc5 30.Nxh6+ Kf8 31.h4 Ne6 32.Rd7 Rc7 33.Rad1 Nf4+ 34.Kg3 Nh5+ 
35.Kg2 Nf4+ 36.Kg3 Nh5+ 37.Kg2 1/2-1/2

[Event "23rd EUR-ch"]
[Site "Vrnjacka Banja SRB"]
[Date "2023.03.12"]
[Round "10.67"]
[White "Gombocz, Ferenc jr"]
[Black "Wieczorek, Oskar"]
[Result "0-1"]
[WhiteElo "2311"]
[BlackElo "2505"]
[EventDate "2023.03.03"]
[PlyCount "86"]

1.d4 Nf6 2.Nf3 g6 3.Bf4 Bg7 4.e3 d6 5.h3 O-O 6.Be2 Nc6 7.Bh2 e5 8.O-O exd4
9.exd4 Bf5 10.c4 Re8 11.Nc3 Ne4 12.Bd3 Qd7 13.Re1 Nxc3 14.bxc3 Rxe1+ 15.
Nxe1 Re8 16.Nc2 Bh6 17.Qf3 Bxd3 18.Qxd3 Na5 19.Bg3 f5 20.f3 Qc6 21.Nb4 
Qxc4 22.Qxc4+ Nxc4 23.Nd5 Re2 24.Nxc7 Be3+ 25.Kf1 Rc2 26.Nd5 Bc1 27.a4 Kf7
28.Be1 f4 29.Rb1 Ke6 30.Nc7+ Kd7 31.Nd5 b6 32.Rb4 Nb2 33.Rb5 Nxa4 34.Rb1 
Be3 35.Nb4 Rb2 36.Rxb2 Nxb2 37.Ke2 a5 38.Nd5 Kc6 39.Nxe3 fxe3 40.Kxe3 a4 
41.Kd2 a3 42.Kc2 Nd3 43.d5+ Kd7 0-1

[Event "23rd EUR-ch"]
[Site "Vrnjacka Banja SRB"]
[Date "2023.03.12"]
[Round "10.68"]
[White "Aizenberg, Benny"]
[Black "Kukhmazov, Arsen"]
[Result "0-1"]
[WhiteElo "2367"]
[BlackElo "2495"]
[EventDate "2023.03.03"]
[PlyCount "110"]

1.e4 c6 2.Nf3 d5 3.Nc3 Bg4 4.h3 Bxf3 5.Qxf3 Nf6 6.Be2 g6 7.O-O Bg7 8.d3 
O-O 9.Bg5 Nbd7 10.Rad1 d4 11.Nb1 Qa5 12.Bc1 Qxa2 13.Na3 b5 14.h4 a5 15.g4 
e5 16.h5 Nb6 17.Qh3 Qe6 18.Kg2 b4 19.Nb1 a4 20.Qh4 Ra7 21.f4 exf4 22.Rxf4 
Nfd5 23.Rf3 Ne3+ 24.Rxe3 dxe3 25.g5 c5 26.Rh1 Bd4 27.c3 a3 28.Bg4 f5 29.
gxf6 Qxf6 30.Qxf6 Rxf6 31.bxa3 bxc3 32.Nxc3 Bxc3 33.Bxe3 Bd4 34.e5 Bxe5 
35.Bxc5 Ra4 36.Bd1 Ra8 37.d4 Bf4 38.Be7 Rc6 39.d5 Rc3 40.hxg6 hxg6 41.d6 
Raxa3 42.Re1 Ra2+ 43.Re2 Rxe2+ 44.Bxe2 Kf7 45.Bd8 Nd7 46.Bc7 g5 47.Kf2 Nf6
48.Bf3 g4 49.Bb7 Rc2+ 50.Kf1 g3 51.Bb8 Rb2 52.d7 Nxd7 53.Bd5+ Kf6 54.Ba7 
Nb6 55.Bc6 Ke5 0-1

[Event "23rd EUR-ch"]
[Site "Vrnjacka Banja SRB"]
[Date "2023.03.12"]
[Round "10.69"]
[White "Eren, Ataberk"]
[Black "Blohberger, Felix"]
[Result "1/2-1/2"]
[WhiteElo "2308"]
[BlackElo "2493"]
[EventDate "2023.03.03"]
[PlyCount "101"]

1.d4 Nf6 2.c4 e6 3.Nc3 Bb4 4.Qc2 d5 5.a3 Bxc3+ 6.Qxc3 O-O 7.Bg5 h6 8.Bxf6 
Qxf6 9.Nf3 dxc4 10.Qxc4 Nc6 11.e3 e5 12.d5 e4 13.Nd2 Ne7 14.Nxe4 Qxb2 15.
Qc3 Qxc3+ 16.Nxc3 Rd8 17.Bc4 c6 18.dxc6 Nxc6 19.O-O Be6 20.Bxe6 fxe6 21.
Nb5 Kf7 22.Rfd1 Ke7 23.Kf1 Rxd1+ 24.Rxd1 Rd8 25.Rxd8 Kxd8 26.Ke2 Kd7 27.f4
a6 28.Nc3 Kd6 29.Kd3 b5 30.Ne4+ Kd5 31.Nc3+ Kc5 32.Ne4+ Kd5 33.Nc3+ Kc5 
34.Ne4+ Kb6 35.Kc3 a5 36.Nd6 Kc5 37.Nb7+ Kb6 38.Nd6 Ne7 39.e4 Kc6 40.Ne8 
g5 41.g3 gxf4 42.gxf4 Ng6 43.f5 exf5 44.exf5 Ne5 45.h3 Kc5 46.f6 Nf7 47.
Nc7 Ng5 48.Kd3 Kc6 49.h4 Nf7 50.Ne6 Kd5 51.Nc7+ 1/2-1/2

[Event "23rd EUR-ch"]
[Site "Vrnjacka Banja SRB"]
[Date "2023.03.12"]
[Round "10.70"]
[White "Sanal, Vahap"]
[Black "Danielian, Vahe"]
[Result "1-0"]
[WhiteElo "2590"]
[BlackElo "2307"]
[EventDate "2023.03.03"]
[PlyCount "93"]

1.d4 Nf6 2.Nf3 g6 3.Nbd2 Bg7 4.e4 d6 5.Bb5+ c6 6.Bd3 O-O 7.O-O Qc7 8.Re1 
e5 9.c3 Re8 10.dxe5 dxe5 11.a4 Nbd7 12.a5 Nc5 13.Bf1 Bg4 14.b4 Ne6 15.h3 
Bh5 16.g4 Nxg4 17.hxg4 Bxg4 18.Qc2 Qe7 19.Nh2 Bh5 20.Nc4 Nf4 21.Bxf4 exf4 
22.f3 Qg5+ 23.Kh1 Qh4 24.Bg2 Re6 25.Red1 Rae8 26.Rd7 f5 27.Nd6 Rxd6 28.
Rxd6 fxe4 29.Qa2+ Kh8 30.Re6 Rxe6 31.Qxe6 Bxc3 32.Rd1 exf3 33.Qe8+ Kg7 34.
Rd7+ Kh6 35.Qf8+ Kg5 36.Qc5+ Kh6 37.Qxc3 fxg2+ 38.Kg1 Qg3 39.Qg7+ Kg5 40.
Qe5+ Kh4 41.Rxh7 b6 42.axb6 axb6 43.Qe2 c5 44.bxc5 bxc5 45.Nf3+ Kg4 46.
Qxg2 c4 47.Ne5+ 1-0

[Event "23rd EUR-ch"]
[Site "Vrnjacka Banja SRB"]
[Date "2023.03.12"]
[Round "10.71"]
[White "Moroni, Luca jr"]
[Black "Seemann, Jakub"]
[Result "1-0"]
[WhiteElo "2578"]
[BlackElo "2424"]
[EventDate "2023.03.03"]
[PlyCount "101"]

1.c4 Nf6 2.Nc3 g6 3.g3 Bg7 4.Bg2 O-O 5.d4 d6 6.Nf3 c6 7.O-O Qb6 8.b3 e5 9.
e3 e4 10.Nd2 d5 11.a4 Re8 12.a5 Qd8 13.b4 h5 14.b5 h4 15.a6 cxb5 16.cxd5 
Nxa6 17.Ndxe4 Nxe4 18.Nxe4 h3 19.Bh1 Bf5 20.Nd2 Bd3 21.Re1 Nb4 22.Qb3 Nc2 
23.Rd1 Nxa1 24.Qxd3 Rc8 25.Bb2 Nc2 26.e4 Nb4 27.Qb3 a5 28.e5 Qd7 29.Bc3 
Nc2 30.e6 Qe7 31.Ne4 Rxc3 32.Qxc3 Nxd4 33.Rxd4 f5 34.Nd2 Qf6 35.Nf3 g5 36.
Qxa5 g4 37.Qxb5 Ra8 38.Rd1 Ra1 39.Rxa1 Qxa1+ 40.Qf1 gxf3 41.Qxa1 Bxa1 42.
d6 Be5 43.d7 Bf6 44.Bxf3 b5 45.Be2 b4 46.f4 b3 47.Bd3 b2 48.Bxf5 Kg7 49.
Kf2 Bd8 50.g4 Kf6 51.Kg3 1-0

[Event "23rd EUR-ch"]
[Site "Vrnjacka Banja SRB"]
[Date "2023.03.12"]
[Round "10.72"]
[White "Akbas, Umut Ata"]
[Black "Goriachkina, Aleksandra"]
[Result "1/2-1/2"]
[WhiteElo "2419"]
[BlackElo "2576"]
[EventDate "2023.03.03"]
[PlyCount "57"]

1.d4 d5 2.c4 c6 3.Nf3 Nf6 4.Nc3 dxc4 5.a4 Bf5 6.Ne5 e6 7.f3 Bb4 8.Nxc4 O-O
9.Kf2 Nd5 10.Na2 b5 11.Nxb4 Nxb4 12.Na3 e5 13.e4 Be6 14.Be3 Qe7 15.dxe5 
Rd8 16.Qc1 Nd7 17.Nc2 Nxe5 18.Nxb4 Qxb4 19.Qc3 Qxc3 20.bxc3 bxa4 21.Bd4 f6
22.Rxa4 a5 23.f4 Nd7 24.c4 Rdb8 25.Be2 c5 26.Bc3 Nb6 27.Rxa5 Rxa5 28.Bxa5 
Nxc4 29.Bxc4 1/2-1/2

[Event "23rd EUR-ch"]
[Site "Vrnjacka Banja SRB"]
[Date "2023.03.12"]
[Round "10.73"]
[White "Laurusas, Tomas"]
[Black "Tekeev, Zaur"]
[Result "1-0"]
[WhiteElo "2571"]
[BlackElo "2415"]
[EventDate "2023.03.03"]
[PlyCount "69"]

1.d4 Nf6 2.c4 g6 3.Nf3 Bg7 4.g3 O-O 5.Bg2 d6 6.O-O Nc6 7.Nc3 e5 8.d5 Nb8 
9.c5 Na6 10.cxd6 cxd6 11.Nd2 Bd7 12.a4 Ne8 13.Qb3 b6 14.Nc4 f5 15.Be3 Qe7 
16.Rfc1 g5 17.Qd1 h5 18.Rab1 h4 19.b4 f4 20.Bd2 hxg3 21.hxg3 Rf6 22.Ne4 
Rh6 23.e3 fxg3 24.fxg3 g4 25.Qf1 Nac7 26.b5 Rd8 27.Ncxd6 Rxd6 28.Bb4 Bh6 
29.Rb3 Nxd5 30.Nxd6 Nxb4 31.Qc4+ Qe6 32.Nb7 Rb8 33.Qxb4 Bc8 34.Nd8 Qd6 35.
Qc4+ 1-0

[Event "23rd EUR-ch"]
[Site "Vrnjacka Banja SRB"]
[Date "2023.03.12"]
[Round "10.74"]
[White "Van Foreest, Lucas"]
[Black "Iliaguev, Nisim"]
[Result "1-0"]
[WhiteElo "2570"]
[BlackElo "2412"]
[EventDate "2023.03.03"]
[PlyCount "153"]

1.e4 c5 2.Nf3 e6 3.d4 cxd4 4.Nxd4 Nf6 5.Nc3 Nc6 6.Ndb5 Bb4 7.a3 Bxc3+ 8.
Nxc3 d5 9.exd5 exd5 10.Bd3 O-O 11.O-O h6 12.Bf4 d4 13.Nb5 Nd5 14.Qf3 Be6 
15.Rfe1 Qd7 16.Qg3 Nxf4 17.Qxf4 Rad8 18.h3 Rfe8 19.Nc7 Re7 20.Nxe6 Rxe6 
21.Re4 Rde8 22.Rae1 Rxe4 23.Rxe4 Rxe4 24.Bxe4 b6 25.Kf1 Nd8 26.Ke2 g6 27.
Kd2 Ne6 28.Qb8+ Kg7 29.Qe5+ Kg8 30.Bf3 h5 31.Bd5 Qb5 32.b4 Kh7 33.Qe4 Qf1 
34.Qf3 Kg7 35.h4 Qa1 36.g3 Qb2 37.Qb3 Qa1 38.Bxe6 fxe6 39.Qxe6 Qc3+ 40.Kd1
Qxa3 41.Qe5+ Kh7 42.Qxd4 a5 43.Qd7+ Kh6 44.Qd4 Kh7 45.Qxb6 axb4 46.Qc7+ 
Kh6 47.Kd2 Qb2 48.Qc4 Kh7 49.Kd3 Qb1 50.Kd4 Qe1 51.Qf7+ Kh6 52.Qf4+ Kh7 
53.Qe3 Qd1+ 54.Qd3 Qe1 55.f4 Kg7 56.Kc4 Kh6 57.Kb5 Kh7 58.Ka4 Kg7 59.Qd4+ 
Kf7 60.Qxb4 Qf2 61.Qc3 Ke6 62.Qe5+ Kf7 63.Qd5+ Kf6 64.c4 Qa2+ 65.Kb5 Qb3+ 
66.Kc6 Qa4+ 67.Kc7 Qa7+ 68.Qb7 Qa3 69.Qb5 Kg7 70.Qe5+ Kh7 71.f5 Qa7+ 72.
Kd8 Qa8+ 73.Kd7 Qa4+ 74.Qb5 Qa7+ 75.Ke6 Qe3+ 76.Qe5 Qb6+ 77.Kf7 1-0

[Event "23rd EUR-ch"]
[Site "Vrnjacka Banja SRB"]
[Date "2023.03.12"]
[Round "10.75"]
[White "Bournel, Antoine"]
[Black "Nesterov, Arseny"]
[Result "0-1"]
[WhiteElo "2377"]
[BlackElo "2568"]
[EventDate "2023.03.03"]
[PlyCount "84"]

1.d4 d5 2.c4 c6 3.Nc3 Nf6 4.Nf3 dxc4 5.a4 Bf5 6.Ne5 e6 7.f3 Bb4 8.Nxc4 O-O
9.Kf2 h6 10.e4 Bh7 11.Be2 Na6 12.Be3 Be7 13.Qc1 Nb4 14.a5 Nd7 15.Rd1 f5 
16.Kg1 Nf6 17.e5 Nfd5 18.f4 Nxe3 19.Nxe3 g5 20.g3 gxf4 21.gxf4 Kh8 22.Kh1 
Qe8 23.Na4 Bg6 24.Nc5 Bh5 25.Qd2 Bxc5 26.dxc5 Rg8 27.Nc4 Nd5 28.Rg1 Bxe2 
29.Qxe2 Qe7 30.Qf2 Raf8 31.h3 Rf7 32.Rxg8+ Kxg8 33.Nd6 Rg7 34.Ra3 Kh7 35.
a6 bxa6 36.Rxa6 Qd7 37.Ra3 Qd8 38.Ra6 Qb8 39.Rxc6 Qb3 40.Qf1 Ne3 41.Qf3 
Qxb2 42.Qxe3 Qg2# 0-1

[Event "23rd EUR-ch"]
[Site "Vrnjacka Banja SRB"]
[Date "2023.03.12"]
[Round "10.76"]
[White "Kalogeris, Ioannis"]
[Black "Bosiocic, Marin"]
[Result "0-1"]
[WhiteElo "2409"]
[BlackElo "2555"]
[EventDate "2023.03.03"]
[PlyCount "48"]

1.e4 d6 2.d4 Nf6 3.Nc3 g6 4.f4 Bg7 5.Nf3 O-O 6.Be2 c5 7.d5 b5 8.e5 dxe5 9.
fxe5 Ng4 10.Bxb5 Nd7 11.e6 fxe6 12.dxe6 Nde5 13.Qxd8 Rxd8 14.Nxe5 Bxe5 15.
Nd5 Rxd5 16.Bc6 Bc3+ 17.bxc3 Re5+ 18.Kd2 Bb7 19.Bd7 Rd8 20.Re1 Be4 21.Ke2 
Bxg2+ 22.Kd2 Be4 23.Ke2 Bc6+ 24.Kd2 Bxd7 0-1

[Event "23rd EUR-ch"]
[Site "Vrnjacka Banja SRB"]
[Date "2023.03.12"]
[Round "10.77"]
[White "Nemec, Jachym"]
[Black "Petrov, Martin"]
[Result "1/2-1/2"]
[WhiteElo "2371"]
[BlackElo "2505"]
[EventDate "2023.03.03"]
[PlyCount "132"]

1.d4 Nf6 2.c4 e6 3.Nf3 b6 4.g3 Bb4+ 5.Bd2 Be7 6.Bg2 c6 7.O-O d5 8.Qc2 O-O 
9.b3 Nbd7 10.a4 a5 11.cxd5 cxd5 12.Nc3 Ba6 13.Nb5 Rc8 14.Qd3 Ne4 15.Rfc1 
Nxd2 16.Qxd2 Bb4 17.Qd1 Rxc1 18.Rxc1 Qb8 19.e3 Rc8 20.Bf1 Rxc1 21.Qxc1 Qc8
22.Qxc8+ Bxc8 23.Bd3 f6 24.Kf1 g6 25.Ne1 Kf7 26.Nc2 Be7 27.f4 Nb8 28.Kf2 
Nc6 29.e4 dxe4 30.Bxe4 Bd7 31.Ke2 Bd8 32.Kd3 Ke7 33.Kc4 Be8 34.d5 exd5+ 
35.Bxd5 Kd7 36.Ncd4 Nb4 37.Bg8 h6 38.f5 Ke7 39.g4 g5 40.Bd5 h5 41.h3 h4 
42.Ne6 Bxb5+ 43.axb5 Kd7 44.Bc6+ Kc8 45.Be4 Be7 46.Bc6 Bd6 47.Kc3 Be5+ 48.
Kc4 Bb2 49.Be8 Ba1 50.Bc6 Be5 51.Be8 Bb2 52.Bc6 Nc2 53.Kd3 Nb4+ 54.Kc4 Na2
55.Kd3 Be5 56.Kc4 Nc1 57.Be8 Bb2 58.Bc6 Ba1 59.Be8 Bb2 60.Bc6 Ba1 61.Be8 
Be5 62.Bc6 Ne2 63.Kd3 Nc1+ 64.Kc4 Ne2 65.Kd3 Nf4+ 66.Nxf4 Bxf4 1/2-1/2

[Event "23rd EUR-ch"]
[Site "Vrnjacka Banja SRB"]
[Date "2023.03.12"]
[Round "10.78"]
[White "Valsecchi, Alessio"]
[Black "Ben Ari, Yannay"]
[Result "1/2-1/2"]
[WhiteElo "2505"]
[BlackElo "2411"]
[EventDate "2023.03.03"]
[PlyCount "117"]

1.e4 c5 2.c3 Nf6 3.e5 Nd5 4.Nf3 Nc6 5.Bc4 Nb6 6.Bb3 d6 7.exd6 Qxd6 8.O-O 
Be6 9.Bxe6 Qxe6 10.a4 Qd7 11.a5 Nd5 12.d4 cxd4 13.Nxd4 e6 14.Nxc6 Qxc6 15.
Ra4 Rd8 16.Bg5 f6 17.Bd2 Be7 18.Qb3 O-O 19.c4 Nc7 20.Be3 Na6 21.Nc3 Bc5 
22.Nb5 Bxe3 23.Qxe3 Nc5 24.Ra3 a6 25.Nd4 Qd6 26.Ne2 e5 27.Nc3 Qd4 28.Nd5 
Qxc4 29.Ne7+ Kf7 30.Nf5 Qe4 31.Qh3 Rh8 32.Rc3 Ne6 33.Rfc1 Rd7 34.Nxg7 Qd5 
35.Qxe6+ Qxe6 36.Nxe6 Kxe6 37.g3 Rhd8 38.Rb3 Rd1+ 39.Rxd1 Rxd1+ 40.Kg2 Rd7
41.Rb6+ Kf5 42.Kf3 h5 43.h3 Rd5 44.b4 Rd7 45.Ke3 Kg5 46.h4+ Kf5 47.f3 Rg7 
48.Kf2 Rd7 49.Ke3 Rg7 50.b5 axb5 51.Rxb5 Rd7 52.Rb4 Rg7 53.Rb6 Rd7 54.Rb5 
Rc7 55.Kd3 Rg7 56.Ke3 Rd7 57.Rb6 Rd5 58.Rxb7 Rxa5 59.Rb2 1/2-1/2

[Event "23rd EUR-ch"]
[Site "Vrnjacka Banja SRB"]
[Date "2023.03.12"]
[Round "10.79"]
[White "Druska, Juraj"]
[Black "Tutisani, Noe"]
[Result "1/2-1/2"]
[WhiteElo "2505"]
[BlackElo "2411"]
[EventDate "2023.03.03"]
[PlyCount "33"]

1.e4 c5 2.c3 d5 3.exd5 Nf6 4.Bb5+ Nbd7 5.Nf3 a6 6.Be2 Nxd5 7.d4 cxd4 8.
Qxd4 N5f6 9.O-O g6 10.Bg5 Bg7 11.Na3 h6 12.Bh4 g5 13.Bg3 Nh5 14.Qe3 O-O 
15.Nc4 Nxg3 16.hxg3 b5 17.Nce5 1/2-1/2

[Event "23rd EUR-ch"]
[Site "Vrnjacka Banja SRB"]
[Date "2023.03.12"]
[Round "10.80"]
[White "Gines Esteo, Pedro Antonio"]
[Black "David, Alexandru-Vasile"]
[Result "1-0"]
[WhiteElo "2500"]
[BlackElo "2410"]
[EventDate "2023.03.03"]
[PlyCount "97"]

1.Nf3 d5 2.g3 c5 3.Bg2 Nc6 4.d4 e6 5.O-O cxd4 6.Nxd4 Bc5 7.Nxc6 bxc6 8.c4 
Nf6 9.Qc2 Qe7 10.b3 O-O 11.Bb2 a5 12.Nc3 Ba6 13.Rad1 Rac8 14.Na4 Bb4 15.c5
Nd7 16.Rc1 Bb5 17.a3 Bxa4 18.axb4 Bb5 19.bxa5 e5 20.h3 Rce8 21.Rfd1 f5 22.
e3 h5 23.Qd2 Kh8 24.f4 h4 25.Qf2 hxg3 26.Qxg3 Rf6 27.fxe5 Rh6 28.Rc2 Qe6 
29.Bd4 g5 30.Rf2 Rg8 31.Bf1 g4 32.h4 Bxf1 33.Rdxf1 Rh5 34.Rf4 Kh7 35.Qf2 
Kg6 36.Qc2 Rgh8 37.Rxg4+ Kf7 38.Rgf4 Ke8 39.R1f2 Nf8 40.Kf1 Ng6 41.Rxf5 
Nxh4 42.Rf6 Qg4 43.Ke1 Rg5 44.Kd2 Ng2 45.Qd1 Nxe3 46.Bxe3 Qb4+ 47.Kc2 Rg3 
48.Qd4 Qxa5 49.Rxc6 1-0

[Event "23rd EUR-ch"]
[Site "Vrnjacka Banja SRB"]
[Date "2023.03.12"]
[Round "10.81"]
[White "Fernandez, Daniel Howard"]
[Black "Czerw, Dawid"]
[Result "1-0"]
[WhiteElo "2498"]
[BlackElo "2404"]
[EventDate "2023.03.03"]
[PlyCount "63"]

1.e4 c5 2.Nf3 Nc6 3.c3 e6 4.d4 d5 5.e5 Bd7 6.a3 f6 7.exf6 Nxf6 8.dxc5 Bxc5
9.b4 Bd6 10.c4 O-O 11.Bb2 Be8 12.Nbd2 Ne7 13.g3 Nf5 14.Bh3 g6 15.O-O a5 
16.Ng5 Bd7 17.cxd5 exd5 18.Qb3 Be7 19.Rfe1 axb4 20.axb4 Rxa1 21.Bxa1 Bc8 
22.Ndf3 h6 23.Ne6 Bxe6 24.Rxe6 Ng7 25.Qd3 Kh7 26.Nh4 Ne4 27.Nxg6 Nxe6 28.
Bxe6 Bf6 29.Nxf8+ Qxf8 30.Bxd5 Bxa1 31.Bxe4+ Kh8 32.Qd7 1-0